| 000 | 01402cam a2200373 a 4500 | ||
|---|---|---|---|
| 001 | 16078098 | ||
| 003 | OSt | ||
| 005 | 20140310184327.0 | ||
| 008 | 100201s2009 nyu j 000 1 eng d | ||
| 010 | _a 2010275618 | ||
| 020 | _a9780545046701 (pbk.) | ||
| 020 | _a054504670x | ||
| 035 | _a(OCoLC)ocn277204433 | ||
| 040 |
_aBTCTA _cBTCTA _dCXP _dNXA _dUPZ _dDLC |
||
| 042 | _alccopycat | ||
| 050 | 0 | 0 |
_aPZ 7 _b.P1954 2009 |
| 100 | 1 |
_aPapademetriou, Lisa. _923374 |
|
| 245 | 1 | 0 |
_aAccidentally friends / _cLisa Papademetriou. |
| 260 |
_aNew York, NY : _bScholastic Inc., _c2009. |
||
| 300 |
_a153 p. : _c20 cm. |
||
| 500 | _a"A candy apple book." | ||
| 520 | _aHaving accidentally proven herself fabulous to the Queen of Mean and her League, Allington Academy seventh-grader Amy now tries to find true friends. | ||
| 521 | _aG3 | ||
| 526 | _c570 | ||
| 650 | 0 |
_aFriendship _vJuvenile fiction. _923720 |
|
| 650 | 0 |
_aGirls _vJuvenile fiction. _923721 |
|
| 650 | 1 |
_aFriendship _vFiction. _923722 |
|
| 650 | 1 |
_aCliques (Sociology) _vFiction. _923723 |
|
| 650 | 1 |
_aSchools _vFiction. _923724 |
|
| 906 |
_a7 _bcbc _ccopycat _d2 _encip _f20 _gy-gencatlg |
||
| 942 |
_2lcc _cBK-SCHOLAS |
||
| 999 |
_c33629 _d33629 |
||